Total Quality Management/ (Record no. 200674)

MARC details
000 -LEADER
fixed length control field 00660nam a22001937a 4500
005 - DATE AND TIME OF LATEST TRANSACTION
control field 20240212143903.0
010 ## - LCCN (DPL NO)
LC control number ENG-139188
020 ## - INTERNATIONAL STANDARD BOOK NUMBER
Terms of availability 689.00
International Standard Book Number 9789354491207
035 ## - SYSTEM CONTROL NUMBER
System control number EN-122720
037 ## - SOURCE OF ACQUISITION
Source of stock number/acquisition DBAD/PUB
082 ## - DEWEY DECIMAL CLASSIFICATION NUMBER
Classification number 658.4013
Edition number 4
100 ## - MAIN ENTRY--PERSONAL NAME
Personal name Charantimath, Poornima M
245 ## - TITLE STATEMENT
Title Total Quality Management/
Statement of responsibility, etc By Poornima M Charantimath
250 ## - EDITION STATEMENT
Edition statement 4
260 ## - PUBLICATION, DISTRIBUTION, ETC. (IMPRINT)
Place of publication, distribution, etc Uttar Pradesh
Name of publisher, distributor, etc Pearson India Education Pvt Ltd
Date of publication, distribution, etc 2022
270 ## - ADDRESS
City Uttar Pradesh
Address 15th FLoor, Tower-B, World Trade Tower, Plot No.1, Block- C, Sector-16, Noida
Postal code 201301
300 ## - PHYSICAL DESCRIPTION
Extent xxxii,510p.
Dimensions 25cm(pb)
Other physical details Index
942 ## - ADDED ENTRY ELEMENTS (KOHA)
Source of classification or shelving scheme Dewey Decimal Classification
Item type English Books
Classification part 658.4013
Call number suffix CHA
Edition 4
Holdings
Withdrawn status Lost status Not for loan Collection code Home library Current library Date acquired Source of acquisition Cost, normal purchase price Full call number Barcode Copy number Cost, replacement price Koha item type
      Non-fiction Tri Nagar Tri Nagar 12/02/2024 DBAD/PUB 689.00 658.4013 CHA EN-122720 1 689.00 English Books

© Delhi Public Library
Hit Counter
free hit counter